Song Titles #1 - Click Quiz - Statistics

General Stats
  • This quiz has been taken 252 times
  • The average score is 13 of 14
Answer Stats
Hint Extra Hint Answer % Correct
Billie ____ Michael Jackson Jean
97%
Drivers _______ Olivia Rodrigo License
97%
Bohemian _______ Queen Rhapsody
97%
Gold ______ Kanye West Digger
95%
Blinding ______ The Weeknd Lights
95%
Lose ______ Eminem Yourself
95%
Hound ___ Elvis Presley Dog
93%
Heat _____ Glass Animals Waves
93%
White ______ Bing Crosby Christmas
90%
Savage ____ Jason Derulo Love
89%
Baby _____ PInkfong Shark
89%
Teenage _____ Katy Perry Dream
88%
New _____ Dua Lipa Rules
86%
All ____ Smash Mouth Star
85%
No matching quizzes found
Score Distribution
Percent of People with Each Score
Percentile by Number Answered
Your Score History
You have not taken this quiz